书目信息 |
| 题名: |
中国人为什么组织不起来
|
|
| 作者: | 肖知兴, 著 | |
| 分册: | ||
| 出版信息: | 北京 机械工业出版社 2006.09 |
|
| 页数: | 12, 253页 | |
| 开本: | 25cm | |
| 丛书名: | 肖知兴管理系列 | |
| 单 册: | ||
| 中图分类: | F279.23 | |
| 科图分类: | ||
| 主题词: | 企业管理--qi ye guan li--组织管理学--研究--中国 | |
| 电子资源: | ||
| ISBN: | 7-111-19831-X | |
| 000 | 01068nam 2200253 450 | |
| 001 | 012007309913 | |
| 005 | 20071029164503.18 | |
| 010 | @a7-111-19831-X@dCNY32.00 | |
| 100 | @a20070901d2006 km y0chiy0120 ea | |
| 101 | 0 | @achi |
| 102 | @aCN@b110000 | |
| 105 | @aac z 000yy | |
| 200 | 1 | @a中国人为什么组织不起来@Azhong guo ren wei shi mo zu zhi bu qi lai@d= Why chinese cannot organize themselves@f肖知兴著@Fxiao zhi xing zhu@zeng |
| 210 | @a北京@c机械工业出版社@d2006.09 | |
| 215 | @a12, 253页@c图, 肖像@d25cm | |
| 225 | 2 | @a肖知兴管理系列@Axiao zhi xing guan li xi lie |
| 330 | @a本书是一本将传统与管理相贯通的力作。全书共分三篇。第一篇主要解决组织中国人的问题,提出了中国企业组织能力模型。第二篇从经济学、社会学及心理学的角度来看组织问题。第三篇探讨了组织失败的三个案例等。 | |
| 410 | 0 | @12001 @a肖知兴管理系列 |
| 510 | 1 | @aWhy chinese cannot organize themselves@zeng |
| 606 | 0 | @a企业管理@Aqi ye guan li@x组织管理学@x研究@y中国 |
| 690 | @aF279.23@v4 | |
| 701 | 0 | @a肖知兴,@Axiao zhi xing@f1972- @4著 |
| 801 | 0 | @aCN@c20071029 |
| 905 | @dF279.23@eX296 | |
| 中国人为什么组织不起来= Why chinese cannot organize themselves/肖知兴著.-北京:机械工业出版社,2006.09 |
| 12, 253页:图, 肖像;25cm.-(肖知兴管理系列) |
| ISBN 7-111-19831-X:CNY32.00 |
| 本书是一本将传统与管理相贯通的力作。全书共分三篇。第一篇主要解决组织中国人的问题,提出了中国企业组织能力模型。第二篇从经济学、社会学及心理学的角度来看组织问题。第三篇探讨了组织失败的三个案例等。 |
| ● |
| 相关链接 |
|
|
|
正题名:中国人为什么组织不起来
索取号:F279.23/X296
 
预约/预借
| 序号 | 登录号 | 条形码 | 馆藏地/架位号 | 状态 | 备注 |
| 1 | 262330 | 202623303 | 社科库409/409社科库 98排2列1层/ [索取号:F279.23/X296] | 在馆 | |
| 2 | 262331 | 202623312 | 社科库409/409社科库 98排2列1层/ [索取号:F279.23/X296] | 在馆 | |
| 3 | 262332 | 202623321 | 社科库409/409社科库 98排2列1层/ [索取号:F279.23/X296] | 在馆 |